[Event "Skalica Open 2019"]
[Site "Skalica"]
[Date "2019.08.29"]
[Round "7.5"]
[White "Danada, Tomas"]
[Black "Vykouk, Jan"]
[Result "0-1"]
[WhiteElo "2266"]
[BlackElo "2477"]
[Annotator "ChessBase"]
[PlyCount "70"]
[EventDate "2019.08.25"]
[EventType "swiss"]
[EventCountry "SVK"]
[SourceTitle "playchess.com"]
[Source "ChessBase"]
[SourceQuality "1"]
[TimeControl "40/5400+30:1800+30"]

1. d4 {[%emt 0:00:00]} Nf6 {[%emt 0:00:00]} 2. c4 {[%emt 0:00:00]} d6 {[%emt 0:00:00]} 3. Nc3 {[%emt 0:00:00]} Nbd7 {[%emt 0:00:00]} 4. Nf3 {[%emt 0:00:06]} g6 {[%emt 0:00:03]} 5. e4 {[%emt 0:00:40]} e5 {[%emt 0:00:56]} 6. Be2 {[%emt 0:02:07]} Bg7 {[%emt 0:00:06]} 7. O-O {[%emt 0:00:11]} O-O {[%emt 0:00:06]} 8. Qc2 {[%emt 0:00:07]} c6 {[%emt 0:00:14]} 9. Rd1 {[%emt 0:00:05]} Qe7 {[%emt 0:00:06]} 10. Bf1 {[%emt 0:02:21]} exd4 {[%emt 0:00:46]} 11. Nxd4 {[%emt 0:00:10]} Re8 {[%emt 0:00:17]} 12. f3 {[%emt 0:01:05]} a5 {[%emt 0:00:58]} 13. Nde2 {[%emt 0:02:09]} Ne5 {[%emt 0:03:43]} 14. Nf4 {[%emt 0:08:16]} g5 {[%emt 0:01:29]} 15. Nd3 {[%emt 0:00:16]} g4 {[%emt 0:00:05]} 16. Nxe5 {[%emt 0:01:06]} dxe5 {[%emt 0:00:05]} 17. Be3 {[%emt 0:00:38]} gxf3 {[%emt 0:01:39]} 18. gxf3 {[%emt 0:00:02]} Nh5 {[%emt 0:00:12]} 19. Na4 {[%emt 0:08:15]} Kh8 {[%emt 0:00:48]} 20. Nb6 {[%emt 0:00:45]} Rg8 {[%emt 0:05:53]} 21. Nxa8 {[%emt 0:08:01]} Bh6+ {[%emt 0:00:44]} 22. Kf2 {[%emt 0:00:10]} Qh4+ {[%emt 0:02:23]} 23. Ke2 {[%emt 0:02:24]} Qxh2+ {[%emt 0:00:10]} 24. Kd3 {[%emt 0:00:57]} Qxc2+ {[%emt 0:00:07]} 25. Kxc2 {[%emt 0:00:02]} Bxe3 {[%emt 0:00:06]} 26. Rd3 {[%emt 0:03:53]} Bd4 {[%emt 0:00:09]} 27. Ra3 {[%emt 0:01:50]} Rg1 {[%emt 0:00:39]} 28. Rd1 {[%emt 0:02:32]} Ng3 {[%emt 0:03:18]} 29. Bd3 {[%emt 0:00:46]} Rxd1 {[%emt 0:00:04]} 30. Kxd1 {[%emt 0:00:06]} h5 {[%emt 0:00:07]} 31. Be2 {[%emt 0:06:33]} h4 {[%emt 0:02:07]} 32. f4 {[%emt 0:00:21]} exf4 {[%emt 0:00:50]} 33. Bf3 {[%emt 0:08:46]} h3 {[%emt 0:00:20]} 34. Rd3 {[%emt 0:01:58]} h2 {[%emt 0:00:19]} 35. Rd2 {[%emt 0:00:13]} Nf1 {[%emt 0:01:50]} 0-1

[Event "Skalica Open 2019"]
[Site "Skalica"]
[Date "2019.08.29"]
[Round "7.6"]
[White "Kuznetsov, Mikhail V."]
[Black "Czebe, Attila"]
[Result "0-1"]
[WhiteElo "2261"]
[BlackElo "2413"]
[Annotator "NA"]
[PlyCount "58"]
[EventDate "2019.08.25"]
[EventType "swiss"]
[EventCountry "SVK"]
[SourceTitle "playchess.com"]
[Source "ChessBase"]
[SourceQuality "1"]
[TimeControl "40/5400+30:1800+30"]

1. d4 {[%emt 0:02:31]} d6 {[%emt 0:00:18]} 2. c4 {[%emt 0:00:08]} e5 {[%emt 0:00:03]} 3. Nc3 {[%emt 0:00:05]} exd4 {[%emt 0:00:23]} 4. Qxd4 {[%emt 0:00:05]} Nf6 {[%emt 0:00:05]} 5. g3 {[%emt 0:00:13]} Nc6 {[%emt 0:00:21]} 6. Qd2 {[%emt 0:00:29]} Be6 {[%emt 0:02:12]} 7. Nd5 {[%emt 0:00:29]} g6 {[%emt 0:06:17]} 8. Nf3 {[%emt 0:01:19]} Bg7 {[%emt 0:00:11]} 9. Bg2 {[%emt 0:00:11]} O-O {[%emt 0:00:32]} 10. O-O {[%emt 0:00:14]} Re8 {[%emt 0:03:57]} 11. h3 {[%emt 0:06:27]} Ne5 {[%emt 0:03:05]} 12. Nxe5 {[%emt 0:04:03]} dxe5 {[%emt 0:00:59]} 13. Nxf6+ {[%emt 0:07:12]} Qxf6 {[%emt 0:01:37]} 14. Qb4 {[%emt 0:01:04]} e4 {[%emt 0:01:03]} 15. Rb1 {[%emt 0:04:38]} b6 {[%emt 0:00:32]} 16. b3 {[%emt 0:02:11]} c5 {[%emt 0:01:20]} 17. Qa4 {[%emt 0:01:01]} Qe7 {[%emt 0:01:36]} 18. Rd1 {[%emt 0:10:24]} f5 {[%emt 0:08:00]} 19. Bb2 {[%emt 0:03:35]} Red8 {[%emt 0:05:44]} 20. Bxg7 {[%emt 0:00:40]} Kxg7 {[%emt 0:00:09]} 21. e3 {[%emt 0:01:52]} Rd6 {[%emt 0:03:41]} 22. Bf1 {[%emt 0:02:21]} Rad8 {[%emt 0:00:19]} 23. Be2 {[%emt 0:00:13]} Rd2 {[%emt 0:04:55]} 24. Kf1 {[%emt 0:09:32]} f4 {[%emt 0:03:03]} 25. Rxd2 {[%emt 0:05:56]} Rxd2 {[%emt 0:00:37]} 26. gxf4 {[%emt 0:02:04]} Bxh3+ {[%emt 0:00:38]} 27. Ke1 {[%emt 0:00:05]} Qd8 {[%emt 0:00:10]} 28. Bf1 {[%emt 0:05:25]} Bxf1 {[%emt 0:00:16]} 29. Kxf1 {[%emt 0:00:02]} Qh4 {[%emt 0:00:24]} 0-1

[Event "Skalica Open 2019"]
[Site "Skalica"]
[Date "2019.08.29"]
[Round "7.7"]
[White "Komliakov, Viktor"]
[Black "Matejovic, Juraj"]
[Result "1/2-1/2"]
[WhiteElo "2366"]
[BlackElo "2237"]
[Annotator "NA"]
[PlyCount "42"]
[EventDate "2019.08.25"]
[EventType "swiss"]
[EventCountry "SVK"]
[SourceTitle "playchess.com"]
[Source "ChessBase"]
[SourceQuality "1"]
[TimeControl "40/5400+30:1800+30"]

1. e4 {[%emt 0:02:47]} c5 {[%emt 0:02:47]} 2. Nf3 {[%emt 0:00:12]} e6 {[%emt 0:00:12]} 3. d3 {[%emt 0:02:50]} Nc6 {[%emt 0:01:47]} 4. g3 {[%emt 0:00:59]} Nf6 {[%emt 0:01:43]} 5. Bg2 {[%emt 0:00:23]} d5 {[%emt 0:00:50]} 6. Qe2 {[%emt 0:03:31]} Be7 {[%emt 0:00:55]} 7. O-O {[%emt 0:00:46]} O-O {[%emt 0:00:27]} 8. e5 {[%emt 0:04:23]} Nd7 {[%emt 0:00:11]} 9. c4 {[%emt 0:00:05]} a6 {[%emt 0:11:20]} 10. h4 {[%emt 0:18:23]} h6 {[%emt 0:02:47]} 11. Nc3 {[%emt 0:08:42]} Nd4 {[%emt 0:31:53]} 12. Nxd4 {[%emt 0:13:42]} cxd4 {[%emt 0:00:09]} 13. cxd5 {[%emt 0:00:11]} dxc3 {[%emt 0:03:10]} 14. d6 {[%emt 0:00:07]} cxb2 {[%emt 0:05:27]} 15. Bxb2 {[%emt 0:01:14]} Re8 {[%emt 0:01:20]} 16. dxe7 {[%emt 0:00:21]} Qxe7 {[%emt 0:00:04]} 17. a4 {[%emt 0:01:43]} Nb6 {[%emt 0:01:37]} 18. Ba3 {[%emt 0:07:01]} Qd8 {[%emt 0:00:16]} 19. Bd6 {[%emt 0:02:37]} Nd5 {[%emt 0:00:07]} 20. Qb2 {[%emt 0:02:54]} b6 {[%emt 0:02:36]} 21. Rfb1 {[%emt 0:09:10]} Bb7 {[%emt 0:00:16]} 1/2-1/2

[Event "Skalica Open 2019"]
[Site "Skalica"]
[Date "2019.08.29"]
[Round "7.8"]
[White "Istona, Martin"]
[Black "Aleksandrovskiy, Dmitriy"]
[Result "1/2-1/2"]
[WhiteElo "2235"]
[BlackElo "2284"]
[Annotator "NA"]
[PlyCount "26"]
[EventDate "2019.08.25"]
[EventType "swiss"]
[EventCountry "SVK"]
[SourceTitle "playchess.com"]
[Source "ChessBase"]
[SourceQuality "1"]
[TimeControl "40/5400+30:1800+30"]

1. e4 {[%emt 0:07:13]} c5 {[%emt 0:00:00]} 2. Nf3 {[%emt 0:00:15]} e6 {[%emt 0:00:00]} 3. d4 {[%emt 0:00:10]} cxd4 {[%emt 0:00:00]} 4. Nxd4 {[%emt 0:00:07]} Nc6 {[%emt 0:01:15]} 5. Nc3 {[%emt 0:00:27]} a6 {[%emt 0:00:08]} 6. Nxc6 {[%emt 0:00:53]} bxc6 {[%emt 0:00:17]} 7. Bd3 {[%emt 0:00:06]} d5 {[%emt 0:01:00]} 8. O-O {[%emt 0:00:29]} Nf6 {[%emt 0:00:17]} 9. Qf3 {[%emt 0:01:53]} Be7 {[%emt 0:08:15]} 10. Qg3 {[%emt 0:01:49]} Nh5 {[%emt 0:02:42]} 11. Qg4 {[%emt 0:07:32]} g6 {[%emt 0:00:11]} 12. Qe2 {[%emt 0:26:36]} O-O {[%emt 0:14:54]} 13. Na4 {[%emt 0:05:25]} Qc7 {[%emt 0:09:14]} 1/2-1/2

[Event "Skalica Open 2019"]
[Site "Skalica"]
[Date "2019.08.29"]
[Round "7.9"]
[White "Karas, Marek"]
[Black "Gasa, Patrik"]
[Result "1/2-1/2"]
[WhiteElo "2233"]
[BlackElo "2187"]
[Annotator "NA"]
[PlyCount "120"]
[EventDate "2019.08.25"]
[EventType "swiss"]
[EventCountry "SVK"]
[SourceTitle "playchess.com"]
[Source "ChessBase"]
[SourceQuality "1"]
[TimeControl "40/5400+30:1800+30"]

1. Nf3 Nf6 {[%emt 0:00:00]} 2. c4 {[%emt 0:00:35]} e6 {[%emt 0:00:34]} 3. Nc3 {[%emt 0:00:14]} d5 {[%emt 0:00:05]} 4. e3 {[%emt 0:01:05]} c5 {[%emt 0:00:26]} 5. d4 {[%emt 0:00:16]} cxd4 {[%emt 0:00:57]} 6. exd4 {[%emt 0:00:19]} Be7 {[%emt 0:00:22]} 7. Bd3 {[%emt 0:02:35]} dxc4 {[%emt 0:01:33]} 8. Bxc4 {[%emt 0:00:08]} O-O {[%emt 0:00:07]} 9. O-O {[%emt 0:00:59]} Nc6 {[%emt 0:00:10]} 10. a3 {[%emt 0:00:17]} a6 {[%emt 0:00:13]} 11. Bb3 {[%emt 0:02:51]} b5 {[%emt 0:14:02]} 12. Re1 {[%emt 0:04:51]} Bb7 {[%emt 0:10:58]} 13. Bc2 {[%emt 0:04:40]} Rc8 {[%emt 0:13:31]} 14. Bg5 {[%emt 0:06:07]} Re8 {[%emt 0:23:58]} 15. Qd3 {[%emt 0:05:29]} g6 {[%emt 0:01:12]} 16. Bb3 {[%emt 0:03:21]} Na5 {[%emt 0:04:39]} 17. Ba2 {[%emt 0:01:19]} Nc4 {[%emt 0:00:26]} 18. Rab1 {[%emt 0:06:04]} Bxf3 {[%emt 0:03:07]} 19. Qxf3 {[%emt 0:00:50]} Qxd4 {[%emt 0:02:47]} 20. Bxc4 {[%emt 0:04:34]} Rxc4 {[%emt 0:01:08]} 21. h3 {[%emt 0:02:34]} Qd8 {[%emt 0:11:42]} 22. Rbd1 {[%emt 0:06:01]} Nd5 {[%emt 0:04:06]} 23. Bh6 {[%emt 0:04:42]} Bf8 {[%emt 0:00:50]} 24. Bxf8 {[%emt 0:02:02]} Kxf8 {[%emt 0:00:01]} 25. Nxd5 {[%emt 0:03:05]} exd5 {[%emt 0:00:01]} 26. Rxe8+ {[%emt 0:00:29]} Qxe8 {[%emt 0:00:02]} 27. Qxd5 {[%emt 0:02:02]} Qc6 28. Qg5 {[%emt 0:02:29]} Kg7 {[%emt 0:03:17]} 29. Qe5+ {[%emt 0:02:03]} Qf6 {[%emt 0:02:40]} 30. Qxf6+ {[%emt 0:00:12]} Kxf6 {[%emt 0:00:01]} 31. Rd6+ {[%emt 0:00:16]} Kg7 {[%emt 0:00:05]} 32. Rxa6 {[%emt 0:00:53]} Rc1+ {[%emt 0:00:01]} 33. Kh2 {[%emt 0:00:09]} Rc2 {[%emt 0:00:11]} 34. b4 {[%emt 0:00:28]} Rxf2 {[%emt 0:00:10]} 35. Kg3 {[%emt 0:00:07]} Rf5 {[%emt 0:02:54]} 36. Rc6 {[%emt 0:01:35]} Kf8 {[%emt 0:01:00]} 37. Rc7 {[%emt 0:03:46]} h5 {[%emt 0:00:23]} 38. Ra7 {[%emt 0:02:24]} Kg7 {[%emt 0:00:37]} 39. a4 {[%emt 0:01:51]} bxa4 {[%emt 0:00:36]} 40. Rxa4 {[%emt 0:00:02]} Rf1 {[%emt 0:00:28]} 41. Ra6 {[%emt 0:30:55]} Rb1 {[%emt 0:30:22]} 42. Rb6 {[%emt 0:00:10]} Rb3+ {[%emt 0:00:00]} 43. Kf2 {[%emt 0:00:00]} h4 {[%emt 0:00:00]} 44. b5 {[%emt 0:00:00]} g5 {[%emt 0:00:00]} 45. Rb7 {[%emt 0:00:00]} Kg6 {[%emt 0:00:00]} 46. b6 {[%emt 0:00:00]} f6 {[%emt 0:00:00]} 47. Rb8 {[%emt 0:00:00]} Kf5 {[%emt 0:00:00]} 48. Kg1 {[%emt 0:00:00]} Kf4 {[%emt 0:00:00]} 49. Kh2 {[%emt 0:00:00]} Rb1 {[%emt 0:00:00]} 50. Rb7 {[%emt 0:00:00]} f5 {[%emt 0:00:00]} 51. Rb8 {[%emt 0:00:00]} Rb2 {[%emt 0:00:00]} 52. Rb7 {[%emt 0:00:00]} g4 {[%emt 0:00:00]} 53. hxg4 {[%emt 0:00:00]} fxg4 {[%emt 0:00:00]} 54. Rf7+ {[%emt 0:00:00]} Kg5 {[%emt 0:00:00]} 55. b7 {[%emt 0:00:00]} Rb1 {[%emt 0:00:00]} 56. Rg7+ {[%emt 0:00:00]} Kf5 {[%emt 0:00:00]} 57. Rf7+ {[%emt 0:00:00]} Kg6 {[%emt 0:00:00]} 58. Rc7 {[%emt 0:00:00]} Rb4 {[%emt 0:00:00]} 59. Rc6+ {[%emt 0:00:00]} Kg5 {[%emt 0:00:00]} 60. Rc5+ {[%emt 0:00:00]} Kg6 {[%emt 0:00:00]} 1/2-1/2

[Event "Skalica Open 2019"]
[Site "Skalica"]
[Date "2019.08.29"]
[Round "7.10"]
[White "Skalsky, Alexandr"]
[Black "Bochnicka, Vladimir"]
[Result "1-0"]
[WhiteElo "2128"]
[BlackElo "2193"]
[Annotator "NA"]
[PlyCount "97"]
[EventDate "2019.08.25"]
[EventType "swiss"]
[EventCountry "SVK"]
[SourceTitle "playchess.com"]
[Source "ChessBase"]
[SourceQuality "1"]
[TimeControl "40/5400+30:1800+30"]

1. e4 {[%emt 0:00:00]} c5 {[%emt 0:00:00]} 2. Nf3 {[%emt 0:00:00]} Nc6 {[%emt 0:00:00]} 3. d4 {[%emt 0:00:00]} cxd4 {[%emt 0:00:00]} 4. Nxd4 {[%emt 0:00:00]} Nf6 {[%emt 0:00:59]} 5. Nc3 {[%emt 0:00:00]} e5 {[%emt 0:00:05]} 6. Ndb5 {[%emt 0:00:00]} d6 {[%emt 0:00:04]} 7. Bg5 {[%emt 0:00:01]} a6 {[%emt 0:00:05]} 8. Na3 {[%emt 0:00:04]} b5 {[%emt 0:00:06]} 9. Nd5 {[%emt 0:00:35]} Be7 {[%emt 0:00:06]} 10. Bxf6 {[%emt 0:00:05]} Bxf6 {[%emt 0:00:02]} 11. c4 {[%emt 0:00:09]} b4 {[%emt 0:00:47]} 12. Nc2 {[%emt 0:00:07]} a5 {[%emt 0:00:24]} 13. g3 {[%emt 0:00:05]} O-O {[%emt 0:05:46]} 14. Bg2 {[%emt 0:00:14]} Be6 {[%emt 0:02:50]} 15. O-O {[%emt 0:00:48]} Rb8 {[%emt 0:01:03]} 16. Qd3 {[%emt 0:11:33]} Bg5 {[%emt 0:01:28]} 17. Rad1 {[%emt 0:14:17]} a4 {[%emt 0:07:22]} 18. b3 {[%emt 0:02:48]} Qa5 {[%emt 0:04:56]} 19. Kh1 {[%emt 0:03:16]} Bd8 {[%emt 0:05:20]} 20. f4 {[%emt 0:04:47]} f6 {[%emt 0:06:34]} 21. Nde3 {[%emt 0:15:36]} Bc7 {[%emt 0:11:13]} 22. f5 {[%emt 0:03:52]} Bf7 {[%emt 0:02:21]} 23. g4 {[%emt 0:00:01]} Bb6 {[%emt 0:16:38]} 24. g5 {[%emt 0:13:59]} Bh5 {[%emt 0:05:38]} 25. Bf3 {[%emt 0:01:29]} Bxf3+ {[%emt 0:00:24]} 26. Rxf3 {[%emt 0:00:02]} Nd4 {[%emt 0:10:05]} 27. Nxd4 {[%emt 0:02:14]} Bxd4 {[%emt 0:00:05]} 28. Nd5 {[%emt 0:03:37]} Rb7 {[%emt 0:01:12]} 29. Qd2 {[%emt 0:10:05]} axb3 {[%emt 0:03:06]} 30. axb3 {[%emt 0:00:31]} Qd8 {[%emt 0:03:37]} 31. gxf6 {[%emt 0:00:54]} gxf6 {[%emt 0:00:01]} 32. Nxb4 {[%emt 0:02:14]} Qe8 {[%emt 0:11:35]} 33. Qh6 {[%emt 0:01:35]} Rg7 {[%emt 0:00:16]} 34. Nd5 {[%emt 0:02:06]} Qf7 {[%emt 0:02:05]} 35. Rg3 {[%emt 0:01:39]} Rxg3 {[%emt 0:00:05]} 36. hxg3 {[%emt 0:00:00]} Kh8 {[%emt 0:01:02]} 37. Kg2 {[%emt 0:00:57]} Ra8 {[%emt 0:00:35]} 38. Qxf6+ {[%emt 0:06:38]} Qxf6 {[%emt 0:00:01]} 39. Nxf6 {[%emt 0:00:04]} Ra2+ {[%emt 0:00:13]} 40. Kf3 {[%emt 0:00:25]} Rb2 {[%emt 0:00:12]} 41. Rd3 {[%emt 0:04:25]} Kg7 {[%emt 0:01:58]} 42. Ne8+ {[%emt 0:12:21]} Kh6 {[%emt 0:00:22]} 43. Kg4 {[%emt 0:02:18]} Re2 {[%emt 0:01:02]} 44. Nxd6 {[%emt 0:00:58]} Kg7 {[%emt 0:00:09]} 45. Nb5 {[%emt 0:07:34]} Bc5 {[%emt 0:02:14]} 46. Rd7+ {[%emt 0:01:17]} Kf6 {[%emt 0:00:36]} 47. Nc3 {[%emt 0:00:57]} h5+ {[%emt 0:01:30]} 48. Kxh5 {[%emt 0:00:07]} Rh2+ {[%emt 0:00:12]} 49. Kg4 {[%emt 0:00:02]} 1-0

[Event "Skalica Open 2019"]
[Site "Skalica"]
[Date "2019.08.29"]
[Round "7.11"]
[White "Husek, Martin"]
[Black "Sefcik, Marek"]
[Result "1-0"]
[WhiteElo "2182"]
[BlackElo "2024"]
[Annotator "NA"]
[PlyCount "103"]
[EventDate "2019.08.25"]
[EventType "swiss"]
[EventCountry "SVK"]
[SourceTitle "playchess.com"]
[Source "ChessBase"]
[SourceQuality "1"]
[TimeControl "40/5400+30:1800+30"]

1. e4 {[%emt 0:00:00]} d6 {[%emt 0:01:57]} 2. d4 {[%emt 0:00:00]} Nd7 {[%emt 0:00:13]} 3. Nc3 {[%emt 0:00:30]} e5 {[%emt 0:02:18]} 4. f4 {[%emt 0:01:13]} Be7 {[%emt 0:05:18]} 5. Nf3 {[%emt 0:00:44]} exd4 {[%emt 0:11:45]} 6. Qxd4 {[%emt 0:01:01]} Nc5 {[%emt 0:09:19]} 7. Be3 {[%emt 0:01:29]} Nf6 {[%emt 0:03:45]} 8. O-O-O {[%emt 0:03:57]} O-O {[%emt 0:00:48]} 9. Kb1 {[%emt 0:02:20]} Bd7 {[%emt 0:05:17]} 10. e5 {[%emt 0:02:36]} Ng4 {[%emt 0:02:08]} 11. Bg1 {[%emt 0:01:07]} Bc6 {[%emt 0:05:24]} 12. exd6 {[%emt 0:08:54]} Bxd6 {[%emt 0:03:00]} 13. Qxc5 {[%emt 0:00:47]} Bxc5 {[%emt 0:00:42]} 14. Rxd8 {[%emt 0:00:08]} Rfxd8 {[%emt 0:01:03]} 15. Bxc5 {[%emt 0:00:11]} b6 {[%emt 0:00:40]} 16. h3 {[%emt 0:01:44]} Nf6 {[%emt 0:01:13]} 17. Be7 {[%emt 0:01:37]} Re8 {[%emt 0:05:52]} 18. Bxf6 {[%emt 0:00:18]} Bxf3 {[%emt 0:01:11]} 19. Be5 {[%emt 0:01:46]} Bb7 {[%emt 0:04:19]} 20. Bc4 {[%emt 0:01:19]} Re7 {[%emt 0:04:31]} 21. Nd5 {[%emt 0:00:47]} Bxd5 {[%emt 0:00:35]} 22. Bxd5 {[%emt 0:00:10]} Rd8 {[%emt 0:00:39]} 23. Bc6 {[%emt 0:01:52]} f6 {[%emt 0:01:05]} 24. Bc3 {[%emt 0:00:13]} Re6 {[%emt 0:01:18]} 25. Bf3 {[%emt 0:00:10]} c5 {[%emt 0:00:51]} 26. b4 {[%emt 0:04:03]} cxb4 {[%emt 0:01:34]} 27. Bxb4 {[%emt 0:00:10]} a5 {[%emt 0:01:12]} 28. Bc3 {[%emt 0:01:44]} Kf8 {[%emt 0:01:47]} 29. Kc1 {[%emt 0:01:54]} Ke7 {[%emt 0:03:11]} 30. Re1 {[%emt 0:00:24]} Rxe1+ {[%emt 0:00:39]} 31. Bxe1 {[%emt 0:00:11]} Ke6 {[%emt 0:00:32]} 32. Bf2 {[%emt 0:00:50]} Rd6 {[%emt 0:01:50]} 33. Be4 {[%emt 0:00:41]} g6 {[%emt 0:01:01]} 34. Kb2 {[%emt 0:01:09]} f5 {[%emt 0:00:51]} 35. Bd3 {[%emt 0:00:11]} Kd5 {[%emt 0:01:06]} 36. Kb3 {[%emt 0:01:15]} Kc6 {[%emt 0:01:56]} 37. g4 {[%emt 0:03:20]} fxg4 {[%emt 0:01:27]} 38. hxg4 {[%emt 0:00:06]} h5 {[%emt 0:00:30]} 39. f5 {[%emt 0:01:00]} gxf5 {[%emt 0:01:27]} 40. gxf5 {[%emt 0:00:13]} b5 {[%emt 0:05:31]} 41. a4 {[%emt 0:30:15]} bxa4+ {[%emt 0:30:55]} 42. Kxa4 {[%emt 0:00:23]} h4 {[%emt 0:00:33]} 43. Kxa5 {[%emt 0:00:50]} h3 {[%emt 0:00:33]} 44. Bg3 {[%emt 0:00:31]} Rh6 {[%emt 0:00:23]} 45. Bh2 {[%emt 0:05:17]} Kc5 {[%emt 0:01:19]} 46. Ka4 {[%emt 0:08:03]} Kd4 {[%emt 0:07:16]} 47. Kb5 {[%emt 0:03:43]} Rh5 {[%emt 0:00:00]} 48. Kc6 {[%emt 0:00:00]} Rg5 {[%emt 0:00:00]} 49. f6 {[%emt 0:00:00]} Rg2 {[%emt 0:00:00]} 50. f7 {[%emt 0:00:00]} Rf2 {[%emt 0:00:00]} 51. Bg1 {[%emt 0:00:00]} h2 {[%emt 0:00:00]} 52. Bxf2+ {[%emt 0:00:00]} 1-0

[Event "Skalica Open 2019"]
[Site "Skalica"]
[Date "2019.08.29"]
[Round "7.12"]
[White "Khmelev, Mikhail"]
[Black "Kalisky, Vladimir"]
[Result "1-0"]
[WhiteElo "2021"]
[BlackElo "2179"]
[Annotator "NA"]
[PlyCount "90"]
[EventDate "2019.08.25"]
[EventType "swiss"]
[EventCountry "SVK"]
[SourceTitle "playchess.com"]
[Source "ChessBase"]
[SourceQuality "1"]
[TimeControl "40/5400+30:1800+30"]

1. e4 {[%emt 0:00:00]} c5 {[%emt 0:00:00]} 2. Nf3 {[%emt 0:00:00]} Nc6 {[%emt 0:00:00]} 3. d4 {[%emt 0:00:14]} cxd4 {[%emt 0:00:00]} 4. Nxd4 {[%emt 0:00:03]} Nf6 {[%emt 0:00:17]} 5. Nc3 {[%emt 0:00:07]} g6 {[%emt 0:00:17]} 6. Be3 {[%emt 0:03:21]} Bg7 {[%emt 0:00:12]} 7. f3 {[%emt 0:00:04]} O-O {[%emt 0:00:17]} 8. Qd2 {[%emt 0:00:04]} d5 {[%emt 0:00:20]} 9. exd5 {[%emt 0:10:56]} Nxd5 {[%emt 0:00:59]} 10. Nxc6 {[%emt 0:00:12]} bxc6 {[%emt 0:00:41]} 11. Nxd5 {[%emt 0:00:04]} Qxd5 {[%emt 0:00:50]} 12. Qxd5 {[%emt 0:00:13]} cxd5 {[%emt 0:00:09]} 13. c3 {[%emt 0:01:23]} e5 {[%emt 0:00:14]} 14. O-O-O {[%emt 0:00:13]} Be6 {[%emt 0:00:08]} 15. Ba6 {[%emt 0:01:55]} Rfd8 {[%emt 0:01:21]} 16. Kb1 {[%emt 0:02:02]} f5 {[%emt 0:12:48]} 17. Rhe1 {[%emt 0:00:30]} Kf7 {[%emt 0:01:04]} 18. Bc5 {[%emt 0:00:51]} h5 {[%emt 0:09:54]} 19. a4 {[%emt 0:00:26]} Bf6 {[%emt 0:05:45]} 20. a5 {[%emt 0:00:29]} h4 {[%emt 0:06:55]} 21. Bb7 {[%emt 0:00:13]} Rab8 {[%emt 0:12:42]} 22. a6 {[%emt 0:00:31]} Rd7 {[%emt 0:00:34]} 23. Bxa7 {[%emt 0:00:16]} Rbxb7 {[%emt 0:00:07]} 24. axb7 {[%emt 0:00:06]} Rxb7 {[%emt 0:00:05]} 25. Bc5 {[%emt 0:00:24]} g5 {[%emt 0:01:08]} 26. g3 {[%emt 0:01:41]} h3 {[%emt 0:01:06]} 27. f4 {[%emt 0:03:14]} e4 {[%emt 0:00:07]} 28. Bd4 {[%emt 0:00:03]} Be7 {[%emt 0:05:42]} 29. Kc2 {[%emt 0:00:20]} Bd7 {[%emt 0:00:48]} 30. Ra1 {[%emt 0:00:06]} Bb5 {[%emt 0:00:16]} 31. Ra7 {[%emt 0:00:25]} Bd3+ {[%emt 0:00:14]} 32. Kc1 {[%emt 0:00:04]} Rxa7 {[%emt 0:03:59]} 33. Bxa7 {[%emt 0:00:07]} Kg6 {[%emt 0:01:20]} 34. Be3 {[%emt 0:00:24]} Kh5 {[%emt 0:00:16]} 35. fxg5 {[%emt 0:00:12]} Bxg5 {[%emt 0:00:56]} 36. Bxg5 {[%emt 0:00:11]} Kxg5 {[%emt 0:00:02]} 37. Kd2 {[%emt 0:00:08]} f4 {[%emt 0:01:13]} 38. gxf4+ {[%emt 0:00:14]} Kxf4 {[%emt 0:00:02]} 39. Re3 {[%emt 0:00:08]} Bf1 {[%emt 0:00:35]} 40. Rg3 {[%emt 0:00:10]} Bg2 {[%emt 0:00:36]} 41. b3 {[%emt 0:30:33]} Bf1 {[%emt 0:30:25]} 42. b4 {[%emt 0:00:05]} Bg2 {[%emt 0:01:48]} 43. b5 {[%emt 0:00:05]} Ke5 {[%emt 0:01:33]} 44. Ke3 {[%emt 0:00:05]} Kd6 {[%emt 0:00:36]} 45. Kd4 {[%emt 0:00:07]} Kc7 {[%emt 0:00:15] Kxe4} 1-0

[Event "Skalica Open 2019"]
[Site "Skalica"]
[Date "2019.08.29"]
[Round "7.13"]
[White "Jablonicky, Martin"]
[Black "Jun, Rudolf Jr."]
[Result "1-0"]
[WhiteElo "2343"]
[BlackElo "2114"]
[Annotator "NA"]
[PlyCount "81"]
[EventDate "2019.08.25"]
[EventType "swiss"]
[EventCountry "SVK"]
[SourceTitle "playchess.com"]
[Source "ChessBase"]
[SourceQuality "1"]
[TimeControl "40/5400+30:1800+30"]

1. e4 {[%emt 0:01:42]} c5 {[%emt 0:00:00]} 2. Nf3 {[%emt 0:00:04]} Nc6 {[%emt 0:00:00]} 3. Bb5 {[%emt 0:00:05]} g6 {[%emt 0:00:00]} 4. Bxc6 {[%emt 0:00:12]} dxc6 {[%emt 0:00:01]} 5. d3 {[%emt 0:00:05]} Bg7 {[%emt 0:00:05]} 6. h3 {[%emt 0:00:04]} e5 {[%emt 0:00:15]} 7. O-O {[%emt 0:00:06]} Ne7 {[%emt 0:00:20]} 8. Be3 {[%emt 0:00:26]} b6 {[%emt 0:00:43]} 9. a3 {[%emt 0:00:05]} O-O {[%emt 0:00:27]} 10. b4 {[%emt 0:00:03]} cxb4 {[%emt 0:00:09]} 11. axb4 {[%emt 0:00:03]} Qc7 {[%emt 0:01:06]} 12. Nbd2 {[%emt 0:00:22]} h6 {[%emt 0:00:22]} 13. Nc4 {[%emt 0:00:07]} Be6 {[%emt 0:00:08]} 14. Qc1 {[%emt 0:00:41]} Kh7 {[%emt 0:01:31]} 15. Qb2 Bxc4 {[%emt 0:00:08]} 16. dxc4 {[%emt 0:00:10]} Rfd8 {[%emt 0:00:40]} 17. c5 {[%emt 0:00:22]} b5 {[%emt 0:00:08]} 18. Qb3 {[%emt 0:00:04]} f5 {[%emt 0:01:19]} 19. Qe6 {[%emt 0:04:35]} Qd7 {[%emt 0:05:19]} 20. Qxd7 Rxd7 {[%emt 0:00:05]} 21. Rfd1 {[%emt 0:05:13]} Rad8 {[%emt 0:00:24]} 22. Rd6 {[%emt 0:00:08]} Rxd6 {[%emt 0:05:40]} 23. cxd6 {[%emt 0:00:10]} Nc8 {[%emt 0:00:49]} 24. Bxa7 {[%emt 0:01:03]} Nxd6 25. Bb6 {[%emt 0:01:04]} Re8 {[%emt 0:06:19]} 26. Nd2 {[%emt 0:00:30]} Nxe4 {[%emt 0:03:56]} 27. Nxe4 {[%emt 0:00:14]} fxe4 {[%emt 0:00:05]} 28. Kf1 {[%emt 0:01:43]} e3 {[%emt 0:02:29]} 29. Bxe3 {[%emt 0:00:11]} g5 {[%emt 0:00:16]} 30. Ra6 {[%emt 0:00:22]} Re6 {[%emt 0:00:19]} 31. c4 {[%emt 0:00:23]} bxc4 {[%emt 0:06:05]} 32. b5 {[%emt 0:00:04]} Re8 {[%emt 0:00:53]} 33. Rxc6 {[%emt 0:00:15]} Rb8 {[%emt 0:00:28]} 34. b6 {[%emt 0:00:06]} Bf8 {[%emt 0:01:23]} 35. Rxc4 {[%emt 0:00:40]} Bd6 {[%emt 0:00:29]} 36. Rc6 {[%emt 0:00:05]} Rd8 {[%emt 0:00:16]} 37. b7 {[%emt 0:00:34]} Bb8 {[%emt 0:00:43]} 38. Rc8 {[%emt 0:00:05]} Rg8 {[%emt 0:00:08]} 39. Bb6 {[%emt 0:00:16]} Kg7 {[%emt 0:02:21]} 40. Bc7 {[%emt 0:00:05]} Bxc7 {[%emt 0:00:04]} 41. Rxc7+ {[%emt 0:30:04]} 1-0